[Event "SRI-ch"]
[Site "Colombo"]
[Date "2024.03.31"]
[Round "13"]
[White "Wijerathna, Vinuka Dihain"]
[Black "Senevirathne, SDBK"]
[Result "1/2-1/2"]
[WhiteElo "1744"]
[BlackElo "1866"]
[PlyCount "61"]
[EventDate "2024.03.22"]
[EventType "tourn"]
[EventRounds "13"]
[EventCountry "SRI"]
[SourceTitle "CB15_2024"]
[SourceDate "2024.04.10"]
[SourceVersion "1"]
[SourceVersionDate "2024.04.10"]
[SourceQuality "1"]

1. e4 e5 2. Nf3 Nc6 3. Bb5 a6 4. Ba4 Nf6 5. d3 b5 6. Bb3 d6 7. a4 Bb7 8. 0-0 Be7 9. Re1 0-0 10. Bd2 h6 11. Nc3 Na5 12. Ba2 b4 13. Nd5 c5 14. Nxe7+ Qxe7 15. c3 bxc3 16. Bxc3 Nc6 17. Nh4 Kh7 18. Nf5 Qd7 19. f4 g6 20. fxe5 dxe5 21. Ne3 Nd4 22. Rf1 Kg7 23. Qe1 Ng4 24. Nxg4 Qxg4 25. Bxd4 cxd4 26. Qa5 Qg5 27. Qc7 Rab8 28. Rxf7+ Rxf7 29. Qxf7+ Kh8 30. Rf1 Bc6 31. Qc7 1/2-1/2

[Event "SRI-ch"]
[Site "Colombo"]
[Date "2024.03.25"]
[Round "6"]
[White "Senevirathne, SDBK"]
[Black "Dandeniya, DDLN"]
[Result "1-0"]
[WhiteElo "1866"]
[BlackElo "1800"]
[PlyCount "137"]
[EventDate "2024.03.22"]
[EventType "tourn"]
[EventRounds "13"]
[EventCountry "SRI"]
[SourceTitle "CB15_2024"]
[SourceDate "2024.04.10"]
[SourceVersion "1"]
[SourceVersionDate "2024.04.10"]
[SourceQuality "1"]

1. e4 e6 2. d4 d5 3. Nc3 Bb4 4. e5 Ne7 5. a3 Bxc3+ 6. bxc3 b6 7. Qg4 Ng6 8. h4 h5 9. Qg3 Ba6 10. Bxa6 Nxa6 11. Ne2 Qd7 12. Bg5 Nb8 13. 0-0 Nc6 14. Qd3 Nge7 15. c4 dxc4 16. Qxc4 Nd5 17. Qd3 f5 18. Rad1 b5 19. Qxb5 Nxe5 20. Qc5 Nf7 21. c4 Nb6 22. Nf4 Na4 23. Qb4 a5 24. Qb3 0-0 25. Rfe1 Rab8 26. Qf3 Rfe8 27. Qxh5 Nb2 28. Rc1 e5 29. dxe5 Nxe5 30. Ng6 Nxg6 31. Qxg6 Nd3 32. Rxe8+ Qxe8 33. Qxe8+ Rxe8 34. Rd1 Re1+ 35. Rxe1 Nxe1 36. Bd2 Nc2 37. a4 Nb4 38. Kf1 Nc6 39. Bf4 Kf7 40. Bxc7 g6 41. Ke2 Ke6 42. Kd3 Kd7 43. Bf4 Ke6 44. f3 Kd7 45. c5 Nb4+ 46. Kc4 Kc6 47. Bd2 Na6 48. Be3 Nc7 49. g4 fxg4 50. fxg4 Nd5 51. Bg5 Nc7 52. h5 gxh5 53. gxh5 Ne6 54. Be3 Nf8 55. h6 Nh7 56. Bd2 Nf8 57. Bxa5 Nh7 58. Bd2 Nf6 59. a5 Nh7 60. a6 Nf8 61. Bg5 Nh7 62. Be7 Kc7 63. Kb5 Kb8 64. Kb6 Ka8 65. c6 Nf8 66. h7 Ng6 67. h8Q+ Nxh8 68. c7 Nf7 69. c8R# 1-0

[Event "SRI-ch"]
[Site "Colombo"]
[Date "2024.03.24"]
[Round "4"]
[White "Senevirathne, SDBK"]
[Black "Amarathunga, Kosala Sandeepa Cha"]
[Result "0-1"]
[WhiteElo "1866"]
[BlackElo "1772"]
[PlyCount "156"]
[EventDate "2024.03.22"]
[EventType "tourn"]
[EventRounds "13"]
[EventCountry "SRI"]
[SourceTitle "CB15_2024"]
[SourceDate "2024.04.10"]
[SourceVersion "1"]
[SourceVersionDate "2024.04.10"]
[SourceQuality "1"]

1. e4 e6 2. d4 d5 3. Nc3 Bb4 4. e5 c5 5. a3 Bxc3+ 6. bxc3 Qc7 7. Qg4 f5 8. Qg3 cxd4 9. cxd4 Ne7 10. a4 0-0 11. Ba3 f4 12. Qf3 Nbc6 13. c3 Rf7 14. Nh3 Ng6 15. Rc1 Bd7 16. Bd6 Qd8 17. Bd3 Qh4 18. Ng1 Nce7 19. a5 Nf5 20. Ba3 Nh6 21. Qh3 Nf5 22. g3 Qd8 23. Bb4 Nh6 24. Qh5 Be8 25. Nf3 Nf8 26. Qh3 fxg3 27. Qxg3 Nf5 28. Qg4 h6 29. Rg1 Qd7 30. h4 Rc8 31. h5 b6 32. Ra1 Rb8 33. a6 Rc8 34. Qh3 Nh7 35. Ke2 Rc7 36. Nh2 Ng5 37. Rxg5 hxg5 38. Nf3 g4 39. Qxg4 Nh6 40. Qh3 Rf4 41. Rg1 Qf7 42. Bg6 Qd7 43. Qh2 Rxf3 44. Kxf3 Bxg6 45. hxg6 Qb5 46. Qf4 Qd3+ 47. Kg2 Qxg6+ 48. Qg3 Qe4+ 49. f3 Qc2+ 50. Kh1 Rf7 51. Rg2 Qd1+ 52. Kh2 Nf5 53. Qg4 Ne3 54. Qxe6 Qxf3 55. Qc8+ Kh7 56. Qh3+ Qxh3+ 57. Kxh3 Nxg2 58. Kxg2 Kg6 59. e6 Rc7 60. Bd6 Rxc3 61. Bb8 Ra3 62. Bxa7 Rxa6 63. Bb8 Kf6 64. Be5+ Kxe6 65. Bxg7 Ra2+ 66. Kf3 Rc2 67. Ke3 b5 68. Kd3 Rc4 69. Bh6 b4 70. Bd2 Kd6 71. Bf4+ Kc6 72. Bd2 Kb5 73. Be1 Ka4 74. Bd2 Ka3 75. Be1 b3 76. Bc3 Ka2 77. Kd2 Rxc3 78. Kxc3 b2 0-1

[Event "SRI-ch"]
[Site "Colombo"]
[Date "2024.03.23"]
[Round "2"]
[White "Senevirathne, SDBK"]
[Black "Bandara, Dhanushka"]
[Result "1/2-1/2"]
[WhiteElo "1866"]
[BlackElo "1883"]
[PlyCount "162"]
[EventDate "2024.03.22"]
[EventType "tourn"]
[EventRounds "13"]
[EventCountry "SRI"]
[SourceTitle "CB15_2024"]
[SourceDate "2024.04.10"]
[SourceVersion "1"]
[SourceVersionDate "2024.04.10"]
[SourceQuality "1"]

1. e4 c6 2. Nc3 d5 3. Nf3 dxe4 4. Nxe4 Nf6 5. Qe2 Nxe4 6. Qxe4 Qd5 7. Qf4 Qd6 8. d4 Qxf4 9. Bxf4 Bf5 10. 0-0-0 e6 11. Nh4 Bg6 12. Nxg6 hxg6 13. c4 Nd7 14. g3 Nb6 15. h4 Be7 16. Be2 Bf6 17. Rd2 g5 18. Be5 Bxe5 19. dxe5 gxh4 20. gxh4 g6 21. b3 Rd8 22. Rxd8+ Kxd8 23. Kd2 Nd7 24. f4 Ke7 25. Ke3 a5 26. Kd4 Kd8 27. Bf3 Nb6 28. Be4 Kc7 29. Ke3 Kd7 30. Bc2 Ke7 31. Kf3 Rd8 32. Rh2 a4 33. Ke3 axb3 34. axb3 Nd7 35. Rh1 Ra8 36. Kd4 Ra2 37. Kc3 Nc5 38. h5 gxh5 39. Rxh5 Ra1 40. Kd4 Nd7 41. Rh7 Rf1 42. Ke3 Nf8 43. Rh5 Rc1 44. Kd2 Rf1 45. Ke3 Rc1 46. Kd2 Rf1 47. Rh4 Rf2+ 48. Kc3 Nd7 49. b4 Nb6 50. Be4 Re2 51. Bd3 Rf2 52. Kd4 Na4 53. Ke3 Rb2 54. Rh7 Ke8 55. Rh8+ Ke7 56. b5 cxb5 57. cxb5 Nc5 58. Be2 Nd7 59. Rc8 Rb4 60. Rc7 b6 61. Rb7 Kd8 62. Ra7 f6 63. exf6 Nxf6 64. Bf3 Rxb5 65. Kd4 Rf5 66. Bc6 Nh5 67. Be4 Rc5 68. Rb7 Nxf4 69. Rxb6 Ra5 70. Rb7 e5+ 71. Kc4 Ra4+ 72. Rb4 Rxb4+ 73. Kxb4 Kd7 74. Kc5 Ke6 75. Kc6 Nh5 76. Kc5 Nf6 77. Ba8 Nd7+ 78. Kb4 Kf5 79. Bc6 Nf6 80. Kc4 Kf4 81. Kd3 Ng4 1/2-1/2

[Event "Western Asia-ch U20"]
[Site "Colombo"]
[Date "2023.12.03"]
[Round "7"]
[White "Halynyazow, Vepaly"]
[Black "Senevirathne, SDBK"]
[Result "1/2-1/2"]
[WhiteElo "2020"]
[BlackElo "1803"]
[PlyCount "78"]
[EventDate "2023.11.30"]
[EventType "swiss"]
[EventRounds "9"]
[EventCountry "SRI"]
[SourceTitle "CB50_2023"]
[SourceDate "2023.12.13"]
[SourceVersion "1"]
[SourceVersionDate "2023.12.13"]
[SourceQuality "1"]

1. e4 e5 2. Nf3 Nc6 3. d4 exd4 4. c3 d5 5. Bb5 dxe4 6. Nxd4 Bd7 7. Nxc6 Bxc6 8. Bxc6+ bxc6 9. Qa4 Qd5 10. 0-0 f5 11. Bf4 Nf6 12. Na3 Be7 13. Rad1 Qe6 14. Nc2 Bc5 15. Be3 Bxe3 16. fxe3 0-0 17. Nd4 Qe8 18. Rxf5 Ng4 19. Qc4+ Kh8 20. Qxc6 Qxc6 21. Rxf8+ Rxf8 22. Nxc6 Nxe3 23. Re1 Nc4 24. Rxe4 Nxb2 25. Nxa7 Nd1 26. c4 h6 27. Nb5 c6 28. Na7 c5 29. Nb5 Ra8 30. a3 Ra4 31. h4 Nb2 32. Nd6 Rxa3 33. h5 Ra7 34. Nc8 Ra4 35. Nd6 Ra7 36. Nf5 Kg8 37. Kf2 Kf7 38. Kf3 Kf6 39. Ke3 Ra4 1/2-1/2

[Event "Veyangoda Queenstar op"]
[Site "Veyangoda"]
[Date "2023.04.18"]
[Round "4"]
[White "Senevirathne, SDBK"]
[Black "Narthavi, S."]
[Result "1-0"]
[WhiteElo "1710"]
[BlackElo "1250"]
[PlyCount "61"]
[EventDate "2023.04.16"]
[EventType "swiss"]
[EventRounds "9"]
[EventCountry "SRI"]
[SourceTitle "EXT 2024"]
[Source "ChessBase"]
[SourceDate "2023.10.10"]
[SourceVersion "1"]
[SourceVersionDate "2023.10.10"]
[SourceQuality "1"]

1. e4 c6 2. d4 d5 3. f3 e6 4. Nc3 Bb4 5. Bd2 Bxc3 6. Bxc3 dxe4 7. Nh3 Nf6 8. fxe4 Nbd7 9. Qf3 0-0 10. 0-0-0 Re8 11. g4 Nf8 12. Bd3 Ng6 13. g5 Nd7 14. e5 Ndf8 15. Rdf1 Qc7 16. Bb4 Nh4 17. Qf2 Nf5 18. Nf4 b6 19. Bxf5 exf5 20. Bd6 Qd7 21. h4 Ne6 22. Rfg1 Nxf4 23. Qxf4 Re6 24. h5 g6 25. hxg6 Rxg6 26. Rh6 Qe6 27. Qh4 Qxa2 28. Rxh7 f6 29. exf6 Qa1+ 30. Kd2 Qxg1 31. f7# 1-0

[Event "SRI-ch"]
[Site "Colombo"]
[Date "2023.04.02"]
[Round "11"]
[White "Weerawardane, Romesh"]
[Black "Senevirathne, SDBK"]
[Result "1-0"]
[WhiteElo "1924"]
[BlackElo "1710"]
[PlyCount "51"]
[EventDate "2023.03.25"]
[EventType "tourn"]
[EventRounds "13"]
[EventCountry "SRI"]
[SourceTitle "CBM 213 Extra"]
[Source "ChessBase"]
[SourceDate "2023.05.31"]
[SourceVersion "1"]
[SourceVersionDate "2023.05.31"]
[SourceQuality "1"]

1. Nf3 Nf6 2. d4 e6 3. e3 b6 4. Bd3 Bb7 5. Nbd2 c5 6. 0-0 d5 7. b3 Nbd7 8. Bb2 Bd6 9. Ne5 Qc7 10. f4 0-0 11. Rf3 Ne4 12. Rh3 f6 13. Nxe4 dxe4 14. Bc4 Rae8 15. Qh5 h6 16. Ng4 Rf7 17. f5 Bd5 18. fxe6 Bxe6 19. Bxe6 Rxe6 20. Nxh6+ gxh6 21. Qg4+ Kf8 22. Qxe6 cxd4 23. Rxh6 dxe3 24. Rh8+ Kg7 25. Qh3 Bxh2+ 26. Kh1 1-0

[Event "SRI-ch"]
[Site "Colombo"]
[Date "2023.04.01"]
[Round "9"]
[White "Liyanage, Pesandu Rashmitha"]
[Black "Senevirathne, SDBK"]
[Result "0-1"]
[WhiteElo "1734"]
[BlackElo "1710"]
[PlyCount "74"]
[EventDate "2023.03.25"]
[EventType "tourn"]
[EventRounds "13"]
[EventCountry "SRI"]
[SourceTitle "CBM 213 Extra"]
[Source "ChessBase"]
[SourceDate "2023.05.31"]
[SourceVersion "1"]
[SourceVersionDate "2023.05.31"]
[SourceQuality "1"]

1. d4 d5 2. Bf4 c5 3. e3 Nc6 4. Nf3 Nf6 5. Nbd2 cxd4 6. exd4 Qb6 7. Nb3 Bf5 8. c3 h6 9. a4 a5 10. Bb5 e6 11. 0-0 Ne4 12. Ne5 Nd6 13. Be2 Nxe5 14. dxe5 Nc4 15. Nd4 Nxb2 16. Qd2 Nc4 17. Bxc4 dxc4 18. Nxf5 exf5 19. Rab1 Qc6 20. Qc2 Bc5 21. Qxf5 0-0 22. Rfd1 Rad8 23. Qc2 b6 24. h4 Rfe8 25. h5 Rd7 26. Rd2 Rxd2 27. Qxd2 Qxa4 28. Rd1 Qc6 29. Qe2 b5 30. g4 Qe6 31. Qf3 Be7 32. Kh2 b4 33. Rg1 Bg5 34. Bg3 bxc3 35. Qe2 Rd8 36. Rd1 Rd2 37. Qf3 Qd5 0-1

[Event "SRI-ch"]
[Site "Colombo"]
[Date "2023.03.25"]
[Round "2"]
[White "De Silva, LMST"]
[Black "Senevirathne, SDBK"]
[Result "1-0"]
[WhiteElo "2452"]
[BlackElo "1710"]
[PlyCount "93"]
[EventDate "2023.03.25"]
[EventType "tourn"]
[EventRounds "13"]
[EventCountry "SRI"]
[SourceTitle "CBM 213 Extra"]
[Source "ChessBase"]
[SourceDate "2023.05.31"]
[SourceVersion "1"]
[SourceVersionDate "2023.05.31"]
[SourceQuality "1"]

1. Nf3 Nf6 2. c4 Nc6 3. Nc3 e5 4. e3 Bb4 5. Qc2 Bxc3 6. Qxc3 Qe7 7. Be2 a5 8. 0-0 Ne4 9. Qc2 f5 10. d4 d6 11. a3 Nf6 12. dxe5 dxe5 13. b3 0-0 14. Bb2 Kh8 15. Rad1 Qc5 16. Rd2 Be6 17. Ng5 Qe7 18. Nxe6 Qxe6 19. Rfd1 Ne4 20. Rd3 Rae8 21. Bf3 Nc5 22. Rd5 b6 23. Bc3 e4 24. Be2 f4 25. Rg5 Re7 26. b4 axb4 27. axb4 Qh6 28. exf4 Ne6 29. b5 Nxf4 30. Rg3 Ne5 31. Bb4 Qh4 32. Bxe7 Qxe7 33. Qxe4 Qc5 34. Re3 Neg6 35. Bf1 Qg5 36. g3 Qh5 37. Rde1 Qg5 38. Bg2 Nh5 39. Qd5 Qh6 40. Re8 Nf6 41. Rxf8+ Nxf8 42. Qd8 Kg8 43. Bd5+ Nxd5 44. Qxd5+ Kh8 45. Qf7 Qf6 46. Qxf6 gxf6 47. Re7 1-0

[Event "SRI-chB"]
[Site "Colombo"]
[Date "2023.03.12"]
[Round "11"]
[White "Senevirathne, SDBK"]
[Black "Alahakoon, Isuru"]
[Result "1-0"]
[WhiteElo "1710"]
[BlackElo "1874"]
[PlyCount "147"]
[EventDate "2023.03.04"]
[EventType "swiss"]
[EventRounds "11"]
[EventCountry "SRI"]
[SourceTitle "CBM 213 Extra"]
[Source "ChessBase"]
[SourceDate "2023.05.31"]
[SourceVersion "1"]
[SourceVersionDate "2023.05.31"]
[SourceQuality "1"]

1. e4 c6 2. d4 d5 3. e5 c5 4. Nf3 Nc6 5. dxc5 Bg4 6. c3 e6 7. Be3 Bxf3 8. Qxf3 Nxe5 9. Bb5+ Nc6 10. 0-0 Nf6 11. c4 a6 12. cxd5 Qxd5 13. Be2 Qxf3 14. Bxf3 Nd5 15. Bxd5 exd5 16. Rc1 Be7 17. Nd2 0-0 18. Nf3 Bf6 19. Rd1 Rfd8 20. Bd4 Nxd4 21. Nxd4 Rac8 22. Rac1 g6 23. b4 Re8 24. Rd3 Re7 25. Rcd1 a5 26. a3 axb4 27. axb4 Ra8 28. Kf1 Ra2 29. Nf3 Rb2 30. Rxd5 Bc3 31. Ne1 Rxb4 32. Rc1 Bf6 33. Nd3 Rb5 34. g3 Rc7 35. Nf4 Kg7 36. Ke2 Rc6 37. Ke3 Be7 38. Kd4 b6 39. Nd3 bxc5+ 40. Nxc5 Bf6+ 41. Ke3 Be7 42. Nd3 Re6+ 43. Kd4 Bf6+ 44. Kc4 Rb7 45. Nc5 Rc7 46. Kb5 Rec6 47. Ne6+ Rxe6 48. Rxc7 Be7 49. Rdd7 Kf8 50. f4 h5 51. Kc4 Re2 52. Kd3 Re6 53. Rc4 Bf6 54. Rc8+ Re8 55. Rxe8+ Kxe8 56. Rb7 Be7 57. Ke4 Bf6 58. h4 Bc3 59. f5 Be1 60. Kf4 gxf5 61. Rb5 Bd2+ 62. Kxf5 Ke7 63. Rb7+ Kf8 64. Kf6 Bc3+ 65. Kg5 Be5 66. Rb3 Kg7 67. Rf3 f6+ 68. Kxh5 Bd6 69. Kg4 Be5 70. Kf5 Kh6 71. g4 Bb2 72. Rb3 Bd4 73. Rb7 Be3 74. Kxf6 1-0

[Event "SRI-chB"]
[Site "Colombo"]
[Date "2023.03.11"]
[Round "8"]
[White "Senevirathne, SDBK"]
[Black "Liyanage, Pesandu Rashmitha"]
[Result "1/2-1/2"]
[WhiteElo "1710"]
[BlackElo "1734"]
[PlyCount "43"]
[EventDate "2023.03.04"]
[EventType "swiss"]
[EventRounds "11"]
[EventCountry "SRI"]
[SourceTitle "CBM 213 Extra"]
[Source "ChessBase"]
[SourceDate "2023.05.31"]
[SourceVersion "1"]
[SourceVersionDate "2023.05.31"]
[SourceQuality "1"]

1. e4 c5 2. Nc3 Nc6 3. Bb5 Nd4 4. Nf3 Nxb5 5. Nxb5 d6 6. d4 Nf6 7. Nc3 cxd4 8. Qxd4 e5 9. Qd3 h6 10. Be3 Be6 11. 0-0 a6 12. a4 Rc8 13. Rfd1 Be7 14. a5 0-0 15. Bb6 Qd7 16. Rac1 Qc6 17. h3 Bc4 18. Qe3 Bd8 19. Ba7 Be7 20. Bb6 Bd8 21. Ba7 Be7 22. Bb6 1/2-1/2

[Event "SRI-chB"]
[Site "Colombo"]
[Date "2023.03.10"]
[Round "7"]
[White "Senevirathne, SDBK"]
[Black "Weerasekara, Dishal Nimsara"]
[Result "1-0"]
[WhiteElo "1710"]
[BlackElo "1652"]
[PlyCount "69"]
[EventDate "2023.03.04"]
[EventType "swiss"]
[EventRounds "11"]
[EventCountry "SRI"]
[SourceTitle "CBM 213 Extra"]
[Source "ChessBase"]
[SourceDate "2023.05.31"]
[SourceVersion "1"]
[SourceVersionDate "2023.05.31"]
[SourceQuality "1"]

1. e4 e5 2. Nf3 Nc6 3. Bb5 a6 4. Ba4 Nf6 5. 0-0 Nxe4 6. d4 b5 7. Bb3 d5 8. dxe5 Be6 9. c3 Bc5 10. Nbd2 0-0 11. Nxe4 dxe4 12. Ng5 Bxb3 13. axb3 e3 14. Bxe3 Bxe3 15. Qxd8 Rfxd8 16. fxe3 Nxe5 17. Rf5 f6 18. Ne6 Rd6 19. Nc5 Rc6 20. b4 Nc4 21. Rd5 Nxe3 22. Rd7 Nc4 23. Re7 Nxb2 24. Ne6 g6 25. Nxc7 Rc8 26. Nd5 Rd8 27. Ne3 f5 28. Kf2 h5 29. Kf3 g5 30. Nxf5 Rxc3+ 31. Ke4 Rc4+ 32. Ke5 Nd3+ 33. Kf6 Rf4 34. Kg6 Rf8 35. Nh6+ 1-0

[Event "SRI-chB"]
[Site "Colombo"]
[Date "2023.03.06"]
[Round "5"]
[White "Senevirathne, SDBK"]
[Black "Bandara, Dhanushka"]
[Result "1-0"]
[WhiteElo "1710"]
[BlackElo "1853"]
[PlyCount "65"]
[EventDate "2023.03.04"]
[EventType "swiss"]
[EventRounds "11"]
[EventCountry "SRI"]
[SourceTitle "CBM 213 Extra"]
[Source "ChessBase"]
[SourceDate "2023.05.31"]
[SourceVersion "1"]
[SourceVersionDate "2023.05.31"]
[SourceQuality "1"]

1. e4 c6 2. d4 d5 3. f3 e6 4. Nc3 Bb4 5. Bd2 Bxc3 6. Bxc3 dxe4 7. Nh3 exf3 8. Qxf3 Qh4+ 9. g3 Qf6 10. Qg2 Ne7 11. Nf2 Nd5 12. Ne4 Qe7 13. Bd2 e5 14. dxe5 Qxe5 15. 0-0-0 0-0 16. Bd3 Bg4 17. Rde1 Qh5 18. Ng5 h6 19. h3 Bd7 20. g4 Qh4 21. Nf3 Qd8 22. c4 Nc7 23. g5 h5 24. g6 f6 25. Nd4 Re8 26. Qf3 Rxe1+ 27. Rxe1 Bg4 28. Qf4 Bd7 29. Qh4 Ne6 30. Qxh5 Nf8 31. Bb4 c5 32. Qd5+ Be6 33. Qxd8 1-0

[Event "SRI-chB"]
[Site "Colombo"]
[Date "2023.03.05"]
[Round "3"]
[White "Dabarera, GWDM"]
[Black "Senevirathne, SDBK"]
[Result "0-1"]
[WhiteElo "1956"]
[BlackElo "1710"]
[PlyCount "82"]
[EventDate "2023.03.04"]
[EventType "swiss"]
[EventRounds "11"]
[EventCountry "SRI"]
[SourceTitle "CBM 213 Extra"]
[Source "ChessBase"]
[SourceDate "2023.05.31"]
[SourceVersion "1"]
[SourceVersionDate "2023.05.31"]
[SourceQuality "1"]

1. e4 e5 2. Nc3 Nf6 3. f4 d5 4. fxe5 Nxe4 5. d3 Nxc3 6. bxc3 d4 7. Nf3 c5 8. Be2 Nc6 9. 0-0 Be7 10. Qe1 h6 11. Qg3 g5 12. Nd2 dxc3 13. Nc4 Nd4 14. Bh5 Be6 15. Be3 Rf8 16. Nd6+ Bxd6 17. Bxd4 cxd4 18. exd6 Qa5 19. Rae1 0-0-0 20. Bf3 Qc5 21. Re5 Qxd6 22. Rb1 b6 23. Qe1 g4 24. Be4 Kc7 25. Qg3 Rde8 26. Rc5+ Kd7 27. Bc6+ Ke7 28. Qh4+ f6 29. Bxe8 Qxc5 30. Ba4 Qg5 31. Qg3 Qe3+ 32. Qxe3 dxe3 33. Re1 Bxa2 34. Rxe3+ Kd6 35. Re4 f5 36. Rb4 Bd5 37. Kf2 f4 38. Bb3 Kc5 39. Ra4 Bxb3 40. cxb3 b5 41. Rxa7 Kb4 0-1

[Event "SRI-chB"]
[Site "Colombo"]
[Date "2023.03.05"]
[Round "4"]
[White "Senevirathne, SDBK"]
[Black "Sivathanujan, S."]
[Result "1/2-1/2"]
[WhiteElo "1710"]
[BlackElo "1834"]
[PlyCount "73"]
[EventDate "2023.03.04"]
[EventType "swiss"]
[EventRounds "11"]
[EventCountry "SRI"]
[SourceTitle "CBM 213 Extra"]
[Source "ChessBase"]
[SourceDate "2023.05.31"]
[SourceVersion "1"]
[SourceVersionDate "2023.05.31"]
[SourceQuality "1"]

1. e4 c5 2. Nc3 e6 3. d4 cxd4 4. Qd2 d3 5. Qxd3 Nc6 6. Qe3 Nf6 7. Nf3 d5 8. exd5 Nxd5 9. Nxd5 Qxd5 10. Bd3 Bc5 11. Qe4 Nb4 12. Qxd5 Nxd5 13. 0-0 0-0 14. a3 Bd6 15. Rd1 Bc7 16. c4 Nf4 17. Be4 Ne2+ 18. Kf1 Nxc1 19. Raxc1 f5 20. Bb1 e5 21. c5 h6 22. Ba2+ Kh7 23. b4 e4 24. Nd4 Be5 25. Bd5 Rd8 26. Nc2 a6 27. Rb1 Rb8 28. a4 Bd7 29. Bb3 Bc6 30. Ne3 g6 31. h3 f4 32. Nc4 Bc3 33. Bc2 Rxd1+ 34. Bxd1 e3 35. Nd6 Be5 36. Nc4 Bc3 37. b5 1/2-1/2

[Event "Commonwealth-ch"]
[Site "Waskaduwa"]
[Date "2022.11.19"]
[Round "6"]
[White "Senevirathne, SDBK"]
[Black "Mohammad Fahad, Rahman"]
[Result "1/2-1/2"]
[WhiteElo "1759"]
[BlackElo "2380"]
[PlyCount "108"]
[EventDate "2022.11.14"]
[EventType "swiss"]
[EventRounds "9"]
[EventCountry "SRI"]
[SourceTitle "CBM 211 Extra"]
[Source "ChessBase"]
[SourceDate "2023.01.31"]
[SourceVersion "1"]
[SourceVersionDate "2023.01.31"]
[SourceQuality "1"]

1. e4 c6 2. d4 d5 3. f3 dxe4 4. fxe4 e5 5. Nf3 Bg4 6. Bc4 Nd7 7. 0-0 Ngf6 8. c3 Bd6 9. Bg5 0-0 10. Nbd2 b5 11. Be2 Re8 12. Kh1 h6 13. Bxf6 Nxf6 14. dxe5 Bxe5 15. Nxe5 Bxe2 16. Qxe2 Rxe5 17. a4 Qe7 18. axb5 cxb5 19. Nf3 Rxe4 20. Qxb5 Ng4 21. h3 Nf6 22. Nd4 Re8 23. Nf5 Qe6 24. Ra6 Qe5 25. Nxh6+ gxh6 26. Qxe5 R8xe5 27. Rfxf6 Re1+ 28. Kh2 R1e2 29. Rf3 Re7 30. b4 Kg7 31. Rc6 Rb2 32. h4 Rc2 33. Kh3 Rd7 34. b5 Re7 35. c4 Rc1 36. Rg3+ Kh7 37. Ra3 Kg7 38. Rg3+ Kh7 39. Rf3 Kg7 40. Rc8 Rh1+ 41. Kg3 Rc1 42. Kg4 Re4+ 43. Rf4 Re7 44. Kf5 Rd7 45. Rc5 Rcd1 46. Rc8 Rc1 47. Rg4+ Kh7 48. Rf4 Kg7 49. Kg4 Re7 50. Kf5 Rd7 51. Rc5 Rcd1 52. Rc8 Rc1 53. Rg4+ Kh7 54. Rf4 Kg7 1/2-1/2

[Event "SRI-chB"]
[Site "Mount Lavinia"]
[Date "2022.03.19"]
[Round "7"]
[White "Alahakoon, Isuru"]
[Black "Senevirathne, SDBK"]
[Result "0-1"]
[WhiteElo "2022"]
[BlackElo "1746"]
[PlyCount "56"]
[EventDate "2022.03.16"]
[EventType "swiss"]
[EventRounds "10"]
[EventCountry "SRI"]
[SourceTitle "EXT 2023"]
[Source "ChessBase"]
[SourceDate "2022.10.05"]
[SourceVersion "1"]
[SourceVersionDate "2022.10.05"]
[SourceQuality "1"]

1. d4 Nf6 2. Bg5 e6 3. Nd2 h6 4. Bh4 d6 5. e4 g5 6. Bg3 Qe7 7. h4 Rg8 8. e5 dxe5 9. dxe5 Nd5 10. c4 Nf4 11. Qg4 f5 12. Qf3 Nc6 13. hxg5 hxg5 14. Bxf4 gxf4 15. Qxf4 Qc5 16. Ngf3 Rg4 17. Qh2 Bg7 18. Qh5+ Ke7 19. 0-0-0 Nxe5 20. Rh4 Bd7 21. Rxg4 fxg4 22. Qh4+ Ke8 23. Ne4 Qf8 24. Nfg5 Qf4+ 25. Kb1 Bc6 26. f3 Bxe4+ 27. fxe4 Qf6 28. Be2 Ng6 0-1

[Event "SRI-chB"]
[Site "Mount Lavinia"]
[Date "2022.03.18"]
[Round "5"]
[White "Bandara, Dhanushka"]
[Black "Senevirathne, SDBK"]
[Result "0-1"]
[WhiteElo "1871"]
[BlackElo "1746"]
[PlyCount "123"]
[EventDate "2022.03.16"]
[EventType "swiss"]
[EventRounds "10"]
[EventCountry "SRI"]
[SourceTitle "EXT 2023"]
[Source "ChessBase"]
[SourceDate "2022.10.05"]
[SourceVersion "1"]
[SourceVersionDate "2022.10.05"]
[SourceQuality "1"]

1. e4 e5 2. Nf3 Nc6 3. Bb5 a6 4. Ba4 Nf6 5. d3 b5 6. Bb3 Bb7 7. 0-0 Be7 8. c4 bxc4 9. Bxc4 d6 10. a3 0-0 11. Nc3 Nd4 12. Nxd4 exd4 13. Nd5 Bxd5 14. exd5 Nd7 15. b4 f5 16. f4 Bf6 17. Re1 Re8 18. Bd2 Nb6 19. Bb3 Qd7 20. a4 Rxe1+ 21. Bxe1 Qe8 22. a5 Nc8 23. Ba4 Qe3+ 24. Bf2 Qxf4 25. Qc2 Ne7 26. b5 axb5 27. Bxb5 Ra7 28. Bd7 Be5 29. g3 Qf3 30. Qb3 Ra8 31. a6 f4 32. Be6+ Kh8 33. g4 Qh3 34. g5 Qh5 35. h4 h6 36. a7 Qe8 37. Qb7 hxg5 38. Rb1 Kh7 39. hxg5 Qh5 40. Qxa8 f3 41. Bg8+ Nxg8 42. Qxg8+ Kxg8 43. a8Q+ Kh7 44. Qa2 Qh2+ 45. Kf1 Qg2+ 46. Ke1 Bf4 47. Kd1 Qf1+ 48. Kc2 Qxf2+ 49. Kb3 Qxa2+ 50. Kxa2 f2 51. Rf1 Be3 52. Kb2 Kg6 53. Kc2 Kxg5 54. Kd1 Kf4 55. Ke2 Kg3 56. Rb1 Kg2 57. Rf1 g5 58. Rb1 g4 59. Rd1 g3 60. Rb1 Kh2 61. Rb8 g2 62. Rf8 0-1

[Event "Asia-ch U20"]
[Site "Waskaduwa"]
[Date "2021.12.17"]
[Round "2"]
[White "Senevirathne, SDBK"]
[Black "Poormosavi, Seyed Kian"]
[Result "0-1"]
[WhiteElo "1660"]
[BlackElo "2301"]
[PlyCount "110"]
[EventDate "2021.12.17"]
[EventType "swiss"]
[EventRounds "9"]
[EventCountry "SRI"]
[SourceTitle "CBM 206 Extra"]
[Source "ChessBase"]
[SourceDate "2022.03.31"]
[SourceVersion "1"]
[SourceVersionDate "2022.03.31"]
[SourceQuality "1"]

1. e4 c6 2. d4 d5 3. e5 c5 4. dxc5 e6 5. Be3 Nd7 6. Bb5 Qc7 7. Qd4 Ne7 8. b4 Nf5 9. Qc3 a5 10. a3 Nxe3 11. fxe3 b6 12. c6 Nxe5 13. bxa5 Rxa5 14. a4 Bd6 15. Nd2 0-0 16. Nb3 Ra7 17. Nd4 Qe7 18. Rb1 Ng4 19. Ndf3 Bc5 20. Ne2 Nxe3 21. Rg1 Ng4 22. Rh1 Bf2+ 23. Kf1 Bc5 24. g3 e5 25. Ke1 d4 26. Qd2 Ne3 27. c3 Rd8 28. cxd4 exd4 29. Bd3 Bf5 30. Kf2 Qf6 31. Nf4 Bxd3 32. Nxd3 Qxc6 33. Rhc1 Rxa4 34. h3 Qd5 35. Ra1 Rda8 36. Rxa4 Rxa4 37. Nf4 Qa8 38. Nd3 Ra2 39. Nb2 Qa3 40. Rb1 Rxb2 41. Rxb2 Qxb2 42. Qxb2 Nd1+ 43. Ke2 Nxb2 44. Ne1 d3+ 45. Nxd3 Nxd3 46. Kxd3 f5 47. Kc4 g5 48. Kd5 f4 49. gxf4 gxf4 50. Ke4 Bd6 51. h4 b5 52. h5 b4 53. Kd3 f3 54. h6 b3 55. Kd2 f2 0-1